[Event "TUR-chT"]
[Site "Izmir"]
[Date "2016.07.29"]
[Round "5.8"]
[White "Kaymaz, Lena Nur"]
[Black "Tokcan, Simay"]
[Result "1-0"]
[WhiteElo "1583"]
[BlackElo "1153"]
[PlyCount "59"]
[EventDate "2016.07.25"]
[EventType "team-swiss"]
[EventRounds "13"]
[EventCountry "TUR"]
[SourceTitle "CBM 173 Extra"]
[Source "ChessBase"]
[SourceDate "2016.08.29"]
[SourceVersion "1"]
[SourceVersionDate "2016.08.29"]
[SourceQuality "1"]
[WhiteTeam "Turk Hava Yollari"]
[BlackTeam "Kocaeli Buyuksehir Belediyesi"]
[WhiteTeamCountry "TUR"]
[BlackTeamCountry "TUR"]

1. d4 Nf6 2. c4 g6 3. Nc3 d5 4. e3 Bg7 5. Nf3 0-0 6. Bd3 Re8 7. b3 c6 8. Bb2 Nbd7 9. 0-0 e5 10. dxe5 Nxe5 11. Nxe5 Rxe5 12. Ne2 Re8 13. Qc2 Qd6 14. h3 Bd7 15. Rfd1 Rad8 16. e4 Qe7 17. exd5 cxd5 18. Rac1 Bh6 19. Rb1 Qd6 20. Bxf6 Qxf6 21. cxd5 Re5 22. Be4 Bf5 23. Bxf5 Rxf5 24. Nc3 Rc8 25. Rd3 Re8 26. d6 Bf4 27. d7 Rd8 28. Nd5 Qd6 29. Qc8 Bh2+ 30. Kh1 1-0